00492nam a2200181Ia 450000500170000000800410001702000180005804100080007608200150008410000130009924500280011226000510014030000090019150000400020050000290024065000280026970000130029720251113153609.0230125s9999 xx 000 0 und d a0-8442-2484-7 aeng a158.1bSTU aStuart C aBe an effective speaker c1998bNIC learning work publicationaNew Delhi a238p aPersonality Improvement;Personality aPersonality Development, aPersonality Development aStuart C